9.Horrorfilm-Duell: Esther vs. Der Tod - Statistiken

Allgemein
  • Dieses Quiz wurde 3 mal gespielt
  • Das Durchschnittsergebnis liegt bei 9 aus 12
Antwortstatistiken
Frage Antwort % Korrekt
Unsterblichkeit Tod
100%
Horrorikonenstatus Tod
100%
Kreativität Tod
100%
Sieger Tod
100%
Ausstrahlung Esther
67%
Opferzahl Tod
67%
Wiedererkennungswert Tod
67%
Psychologischer Horror Tod
67%
Brutalität Tod
67%
Intelligenz Tod
67%
Übernatürliche Kräfte Tod
67%
Physische Kraft Tod
0%
Keine übereinstimmenden Quizze gefunden
Verteilung der Resultate
Anzahl Personen mit jedem Resultat
Perzentil nach korrekt beantworteten Fragen
Ihre Resultats-Entwicklung
Sie haben dieses Quiz noch nicht gespielt